000
00333nam a22001457a 4500
999
_c
57782
_d
57779
020
_a
033354854X
020
_a
978-0333548547
082
_a
515YAT
100
_a
Yates, J C
245
_a
National Engineering Mathematics
260
_a
England
_b
Mac Millon
_c
1996
300
_a
537
650
_a
Engineering Mathematics
942
_c
BK